[Event "RUS-chT2"]
[Site "Sochi"]
[Date "2023.05.04"]
[Round "4.3"]
[White "Oganian, Miran"]
[Black "Zhelnin, Vladimir V"]
[Result "0-1"]
[WhiteElo "2439"]
[BlackElo "2332"]
[PlyCount "80"]
[EventDate "2023.05.01"]
[EventType "team-swiss"]
[EventRounds "9"]
[EventCountry "RUS"]
[SourceTitle "CBM 214 Extra"]
[Source "ChessBase"]
[SourceDate "2023.07.31"]
[SourceVersion "1"]
[SourceVersionDate "2023.07.31"]
[SourceQuality "1"]
[WhiteTeam "Krasnodarsk Region"]
[BlackTeam "Russia Veterans"]
[WhiteTeamCountry "RUS"]
[BlackTeamCountry "RUS"]

1. d4 d6 2. Nf3 Nf6 3. c3 g6 4. Bg5 Bg7 5. Nbd2 Bf5 6. Qb3 b6 7. Bxf6 Bxf6 8. e4 Be6 9. Bc4 Bxc4 10. Nxc4 0-0 11. e5 Bg7 12. e6 fxe6 13. 0-0 Qd7 14. Rae1 Nc6 15. Ng5 d5 16. Ne3 h6 17. Nh3 Rf7 18. f4 Raf8 19. Qc2 Kh7 20. Qd3 Nd8 21. Rf3 c5 22. Rg3 Rf6 23. Nf2 Qe8 24. dxc5 bxc5 25. Nh3 c4 26. Qb1 Qc6 27. Kh1 Nb7 28. Nf2 Qe8 29. Neg4 Rxf4 30. Rxe6 Nc5 31. Re1 Rxf2 32. Nxf2 Rxf2 33. h4 Nd3 34. Rf1 Qf7 35. Rxf2 Qxf2 36. Rf3 Qxh4+ 37. Kg1 Be5 38. g3 Bxg3 39. Qc2 Bf2+ 40. Kg2 Qg4+ 0-1

[Event "RUS-chT2"]
[Site "Sochi"]
[Date "2023.05.02"]
[Round "2.3"]
[White "Suvorov, Aleksandr1111"]
[Black "Zhelnin, Vladimir V"]
[Result "0-1"]
[WhiteElo "2130"]
[BlackElo "2332"]
[PlyCount "96"]
[EventDate "2023.05.01"]
[EventType "team-swiss"]
[EventRounds "9"]
[EventCountry "RUS"]
[SourceTitle "CBM 214 Extra"]
[Source "ChessBase"]
[SourceDate "2023.07.31"]
[SourceVersion "1"]
[SourceVersionDate "2023.07.31"]
[SourceQuality "1"]
[WhiteTeam "Samara Zhiguli"]
[BlackTeam "Russia Veterans"]
[WhiteTeamCountry "RUS"]
[BlackTeamCountry "RUS"]

1. e4 c5 2. Nf3 d6 3. d4 cxd4 4. Qxd4 Nc6 5. Bb5 Qa5+ 6. Nc3 Qxb5 7. Nxb5 Nxd4 8. Nfxd4 Kd7 9. c4 e6 10. b3 a6 11. Nc3 Kc7 12. Bb2 Nf6 13. f3 Bd7 14. a4 Rc8 15. 0-0-0 Kb8 16. Kb1 Be8 17. Rd2 Nd7 18. Rhd1 Nc5 19. Ka2 h5 20. f4 Be7 21. Ba3 h4 22. f5 Bf6 23. Kb2 Rh6 24. Kc2 Be5 25. h3 Rf6 26. fxe6 fxe6 27. Bxc5 dxc5 28. Nf3 Bg3 29. Rd8 Bc6 30. Rxc8+ Kxc8 31. Kd3 Rf8 32. Ke3 Bf4+ 33. Ke2 g5 34. Rf1 Rd8 35. Rd1 Rg8 36. Rf1 Kd8 37. Kd3 Kc7 38. Ke2 Kb6 39. Kd3 g4 40. hxg4 Rxg4 41. Rh1 Bg3 42. Nd2 Ka5 43. Rb1 Be5 44. Ne2 Rxg2 45. b4+ cxb4 46. c5 Kxa4 47. Nc4 Bb5 48. Nd4 Rg3+ 0-1

[Event "St Petersburg-ch Seniors Blitz"]
[Site "St Petersburg"]
[Date "2022.10.05"]
[Round "2"]
[White "Zhelnin, Vladimir V"]
[Black "Gilman, Pavel"]
[Result "0-1"]
[WhiteElo "2252"]
[BlackElo "1902"]
[PlyCount "21"]
[EventDate "2022.10.05"]
[EventType "swiss"]
[EventRounds "11"]
[EventCountry "RUS"]
[SourceTitle "CBM 210 Extra"]
[Source "ChessBase"]
[SourceDate "2022.11.30"]
[SourceVersion "1"]
[SourceVersionDate "2022.11.30"]
[SourceQuality "1"]

1. e4 e6 2. d4 b6 3. Nf3 Bb7 4. Bd3 Nf6 5. e5 Nd5 6. 0-0 c5 7. dxc5 Bxc5 8. a3 a5 9. c4 Ne7 10. Nc3 0-0 11. Bxh7+ 0-1

[Event "RUS-chT2"]
[Site "Sochi"]
[Date "2021.05.07"]
[Round "6.3"]
[White "Zhelnin, Vladimir V"]
[Black "Garifullina, Leya"]
[Result "1-0"]
[WhiteElo "2408"]
[BlackElo "2406"]
[PlyCount "93"]
[EventDate "2021.05.01"]
[EventType "team-swiss"]
[EventRounds "9"]
[EventCountry "RUS"]
[SourceTitle "CBM 202 Extra"]
[Source "ChessBase"]
[SourceDate "2021.07.31"]
[SourceVersion "1"]
[SourceVersionDate "2021.07.31"]
[SourceQuality "1"]
[WhiteTeam "Russia Veterans"]
[BlackTeam "Sverdlovsk Region Malakhit"]
[WhiteTeamCountry "RUS"]
[BlackTeamCountry "RUS"]

1. e4 c5 2. Nf3 d6 3. Bc4 Nf6 4. d3 Nc6 5. 0-0 e6 6. Re1 Be7 7. Bb3 0-0 8. c3 b5 9. Nbd2 Bb7 10. Nf1 Qc7 11. Ng3 a5 12. a4 b4 13. Bf4 Ne5 14. Bxe5 dxe5 15. Bc4 Nd7 16. Qe2 Rfd8 17. Red1 Nf8 18. Nf1 Ng6 19. Ne3 Rf8 20. g3 Bd6 21. h4 Ne7 22. Kh2 h6 23. Rh1 Qc8 24. Ng4 Nc6 25. Kg1 f6 26. Ne3 Ne7 27. Ng5 hxg5 28. hxg5 fxg5 29. Rh5 g6 30. Rxg5 Kg7 31. Qg4 Rf6 32. Rh5 Qf8 33. Rh2 Kf7 34. Qg5 Ke8 35. Ng4 Rf3 36. Kg2 Rf5 37. Qd2 Rh5 38. Rah1 Rxh2+ 39. Rxh2 Kd7 40. Rh7 Rd8 41. Qg5 Qf5 42. Qh4 Rf8 43. Kh2 Qf3 44. Nxe5+ Kd8 45. Nxf3 Rxf3 46. Kg2 Rf8 47. Bxe6 1-0

[Event "RUS-chT2"]
[Site "Sochi"]
[Date "2021.05.04"]
[Round "4.1"]
[White "Zhelnin, Vladimir V"]
[Black "Matveev, Vladimir1111"]
[Result "1-0"]
[WhiteElo "2408"]
[BlackElo "2368"]
[PlyCount "101"]
[EventDate "2021.05.01"]
[EventType "team-swiss"]
[EventRounds "9"]
[EventCountry "RUS"]
[SourceTitle "CBM 202 Extra"]
[Source "ChessBase"]
[SourceDate "2021.07.31"]
[SourceVersion "1"]
[SourceVersionDate "2021.07.31"]
[SourceQuality "1"]
[WhiteTeam "Russia Veterans"]
[BlackTeam "Sverdlovsk Region PShK"]
[WhiteTeamCountry "RUS"]
[BlackTeamCountry "RUS"]

1. e4 c5 2. Nf3 d6 3. Bc4 Nf6 4. d3 Nc6 5. 0-0 Bg4 6. Nbd2 e6 7. Re1 Be7 8. h3 Bh5 9. Nf1 Qc7 10. Ng3 Bg6 11. c3 Nd7 12. Bb3 Nde5 13. Nh2 h5 14. f4 h4 15. Ngf1 Bh5 16. Qc2 Nd7 17. Qf2 Na5 18. Bc2 a6 19. Nf3 Bxf3 20. Qxf3 b5 21. Ne3 Rb8 22. Bd2 Nc6 23. Rac1 Qb7 24. Qf2 Rc8 25. Re2 Nb6 26. Ng4 f5 27. Nh2 0-0 28. Nf3 d5 29. exf5 exf5 30. Rce1 Rf7 31. Nxh4 Bxh4 32. Qxh4 Qd7 33. Be3 d4 34. Bf2 a5 35. Kh1 a4 36. a3 Nd5 37. Bb1 dxc3 38. Bxc5 cxb2 39. Ba2 b1Q 40. Bxb1 Nc3 41. Re3 Nxb1 42. Rxb1 Qd5 43. Rxb5 Na7 44. Re5 Qxd3 45. Bxa7 Rxa7 46. Rxf5 Qxa3 47. Rh5 Qa1+ 48. Kh2 g6 49. Qg4 Rc6 50. Rb8+ Kg7 51. Rhh8 1-0

[Event "EUR-chT Seniors 65"]
[Site "Mali Losinj"]
[Date "2019.09.18"]
[Round "1.1"]
[White "Zhelnin, Vladimir V"]
[Black "Titz, Heimo"]
[Result "1-0"]
[WhiteElo "2406"]
[BlackElo "1971"]
[PlyCount "51"]
[EventDate "2019.09.18"]
[EventType "team-swiss"]
[EventRounds "9"]
[EventCountry "CRO"]
[SourceTitle "EXT 2020"]
[Source "ChessBase"]
[SourceDate "2019.10.17"]
[SourceVersion "1"]
[SourceVersionDate "2019.10.17"]
[SourceQuality "1"]
[WhiteTeam "Russia 65"]
[BlackTeam "Austria 65"]
[WhiteTeamCountry "RUS"]
[BlackTeamCountry "AUT"]

1. e4 c5 2. Nf3 e6 3. Nc3 Nc6 4. d4 cxd4 5. Nxd4 Qc7 6. Be2 Nf6 7. 0-0 a6 8. Kh1 b5 9. Nxc6 dxc6 10. Qd3 Bb7 11. f4 b4 12. e5 bxc3 13. exf6 gxf6 14. Qxc3 Be7 15. Be3 c5 16. Bf3 Bxf3 17. Rxf3 Rc8 18. f5 Rg8 19. Qc4 Qc6 20. Qh4 Rg7 21. Qh6 Bf8 22. Qxf6 exf5 23. Qxf5 Qe6 24. Re1 Kd7 25. Bh6 Qxf5 26. Rxf5 1-0

[Event "WchT Seniors 65"]
[Site "Rhodes"]
[Date "2019.04.18"]
[Round "3.1"]
[White "Zhelnin, Vladimir V"]
[Black "Snape, Ian L"]
[Result "1/2-1/2"]
[WhiteElo "2429"]
[BlackElo "2154"]
[PlyCount "114"]
[EventDate "2019.04.16"]
[EventType "team-swiss"]
[EventRounds "9"]
[EventCountry "GRE"]
[SourceTitle "CBM 190 Extra"]
[Source "ChessBase"]
[SourceDate "2019.07.15"]
[SourceVersion "1"]
[SourceVersionDate "2019.07.15"]
[SourceQuality "1"]
[WhiteTeam "Russia 65+"]
[BlackTeam "England"]
[WhiteTeamCountry "RUS"]
[BlackTeamCountry "ENG"]

1. e4 c5 2. Nf3 d6 3. d4 cxd4 4. Nxd4 Nf6 5. Nc3 g6 6. Be2 Bg7 7. 0-0 0-0 8. Bg5 Nc6 9. Nb3 a6 10. Re1 b5 11. a3 Bb7 12. Bf1 Na5 13. Nxa5 Qxa5 14. Qd2 Rac8 15. f3 Rfd8 16. Rad1 Qc7 17. Bd3 Re8 18. Bh6 Qc5+ 19. Kh1 Bh8 20. Be3 Qc7 21. a4 b4 22. Na2 a5 23. c3 b3 24. Nc1 Bc6 25. Bc4 Bxa4 26. Bxb3 Bxb3 27. Nxb3 Rb8 28. Nd4 Qb7 29. Rb1 a4 30. Nc2 Nd7 31. Nb4 Nc5 32. Red1 Bg7 33. Kg1 h5 34. Bxc5 dxc5 35. Nc2 Qc7 36. Na3 Be5 37. g3 h4 38. f4 Bg7 39. Nc4 Red8 40. Qe2 hxg3 41. hxg3 Qc6 42. Kf2 Rd7 43. Rxd7 Qxd7 44. Rd1 Qh3 45. Rd2 g5 46. f5 a3 47. Nxa3 Be5 48. Qe3 Qh2+ 49. Kf1 Qh3+ 50. Ke2 f6 51. Qxc5 Bxg3 52. Qd5+ Kf8 53. Nc4 Bf4 54. Rd4 Qg4+ 55. Ke1 Qg1+ 56. Ke2 Qg4+ 57. Ke1 Qg1+ 1/2-1/2

[Event "WchT Seniors 65"]
[Site "Dresden"]
[Date "2018.07.12"]
[Round "6.1"]
[White "Khanukov, Boris"]
[Black "Zhelnin, Vladimir V"]
[Result "0-1"]
[WhiteElo "2273"]
[BlackElo "2453"]
[PlyCount "72"]
[EventDate "2018.07.07"]
[EventType "team-swiss"]
[EventRounds "9"]
[EventCountry "GER"]
[SourceTitle "CBM 185 Extra"]
[Source "ChessBase"]
[SourceDate "2018.07.29"]
[SourceVersion "1"]
[SourceVersionDate "2018.07.29"]
[SourceQuality "1"]
[WhiteTeam "Germany II"]
[BlackTeam "Russia"]
[WhiteTeamCountry "GER"]
[BlackTeamCountry "RUS"]

1. Nf3 g6 2. d4 Bg7 3. c4 d6 4. Nc3 Nd7 5. e4 e5 6. Be2 Ne7 7. 0-0 0-0 8. dxe5 Nxe5 9. Nd4 N7c6 10. Be3 Nxd4 11. Bxd4 c5 12. Be3 Be6 13. Nd5 Nc6 14. Rb1 Re8 15. Nf4 Bd4 16. Bd2 Rb8 17. Qc2 a6 18. a3 Be5 19. Nxe6 Rxe6 20. Bd3 b5 21. b4 Nd4 22. Qd1 Bg7 23. Re1 Qe7 24. bxc5 dxc5 25. f4 Rd8 26. e5 f6 27. cxb5 axb5 28. Bxb5 Nxb5 29. Rxb5 fxe5 30. Qe2 e4 31. Be3 Bd4 32. Qc4 Bxe3+ 33. Rxe3 Rd1+ 34. Kf2 Qh4+ 35. Rg3 Qxf4+ 36. Rf3 e3+ 0-1

[Event "WchT Seniors 65"]
[Site "Dresden"]
[Date "2018.07.10"]
[Round "4.1"]
[White "Zhelnin, Vladimir V"]
[Black "Povah, Nigel Edward"]
[Result "0-1"]
[WhiteElo "2453"]
[BlackElo "2245"]
[PlyCount "108"]
[EventDate "2018.07.07"]
[EventType "team-swiss"]
[EventRounds "9"]
[EventCountry "GER"]
[SourceTitle "CBM 185 Extra"]
[Source "ChessBase"]
[SourceDate "2018.07.29"]
[SourceVersion "1"]
[SourceVersionDate "2018.07.29"]
[SourceQuality "1"]
[WhiteTeam "Russia"]
[BlackTeam "England"]
[WhiteTeamCountry "RUS"]
[BlackTeamCountry "ENG"]

1. e4 c5 2. Nc3 Nc6 3. Nge2 e6 4. d4 cxd4 5. Nxd4 Qc7 6. Be2 a6 7. 0-0 Nf6 8. Qd3 Nxd4 9. Qxd4 Bd6 10. Kh1 b5 11. f4 Bc5 12. Qd3 Bb7 13. Bf3 d5 14. exd5 Rd8 15. Nxb5 Qc8 16. Nc3 0-0 17. Ne4 Nxd5 18. Nxc5 Qxc5 19. Qe2 Rc8 20. c3 a5 21. Bd2 Rfd8 22. Rac1 Rb8 23. b3 Qd6 24. c4 Nb4 25. Rcd1 Qc7 26. Bc3 Bxf3 27. Qxf3 f6 28. Qe2 Kf7 29. Qh5+ Kg8 30. Qe2 Kf7 31. Rfe1 Re8 32. Qe4 Nxa2 33. Ba1 Kg8 34. f5 e5 35. Qd5+ Kh8 36. h3 Rxb3 37. c5 a4 38. c6 Nb4 39. Qc4 Qxc6 40. Qf7 Rxh3+ 41. Kg1 Rg3 42. Re2 h6 43. Kh2 Rd3 44. Rb1 Nd5 45. Rc2 Qa8 46. Rb7 Rg8 47. Ra7 Qb8 48. Rb2 Qe8 49. Qxe8 Rxe8 50. Rbb7 Rg8 51. Rxa4 Ne3 52. g4 Rc8 53. Rb2 h5 54. g5 fxg5 0-1

[Event "WchT Seniors 65"]
[Site "Hersonissos"]
[Date "2017.04.29"]
[Round "6.3"]
[White "Zhelnin, Vladimir V"]
[Black "Baum, Bernd"]
[Result "1/2-1/2"]
[WhiteElo "2455"]
[BlackElo "2226"]
[PlyCount "71"]
[EventDate "2017.04.24"]
[EventType "team-swiss"]
[EventRounds "9"]
[EventCountry "GRE"]
[SourceTitle "CBM 178 Extra"]
[Source "ChessBase"]
[SourceDate "2017.06.22"]
[SourceVersion "1"]
[SourceVersionDate "2017.06.22"]
[SourceQuality "1"]
[WhiteTeam "Russia"]
[BlackTeam "Germany"]
[WhiteTeamCountry "RUS"]
[BlackTeamCountry "GER"]

1. e4 e6 2. d4 d5 3. Nc3 Nf6 4. Bg5 dxe4 5. Nxe4 Nbd7 6. Nf3 h6 7. Bxf6 Nxf6 8. Bd3 Nxe4 9. Bxe4 c5 10. Qe2 Qa5+ 11. c3 cxd4 12. Nxd4 Be7 13. Nc6 Qb6 14. Nxe7 Kxe7 15. 0-0-0 Bd7 16. Rhe1 Rhd8 17. Qg4 Ba4 18. Rxd8 Rxd8 19. Qh4+ Kf8 20. Bxb7 Qd6 21. Qb4 Qxb4 22. cxb4 Rb8 23. Bf3 Rxb4 24. b3 Bd7 25. Kb2 Ke7 26. Re5 Rb5 27. Rxb5 Bxb5 28. Kc3 Kd6 29. a4 Bf1 30. h4 g5 31. hxg5 hxg5 32. g3 f5 33. b4 e5 34. Bd1 Bg2 35. Bc2 f4 36. gxf4 1/2-1/2

[Event "Wch Seniors 65 26th"]
[Site "Marianske Lazne"]
[Date "2016.11.26"]
[Round "7"]
[White "Zhelnin, Vladimir V"]
[Black "Beltz, Robert"]
[Result "1-0"]
[WhiteElo "2453"]
[BlackElo "2135"]
[PlyCount "79"]
[EventDate "2016.11.19"]
[EventType "swiss"]
[EventRounds "11"]
[EventCountry "CZE"]
[SourceTitle "CBM 175 Extra"]
[Source "ChessBase"]
[SourceDate "2016.12.12"]
[SourceVersion "1"]
[SourceVersionDate "2016.12.12"]
[SourceQuality "1"]

1. e4 c6 2. Nf3 d5 3. Nc3 Bg4 4. h3 Bxf3 5. Qxf3 e6 6. a3 d4 7. Nb1 c5 8. d3 Nc6 9. Nd2 Nge7 10. g3 Ng6 11. Qe2 e5 12. h4 h5 13. Bh3 Bd6 14. Nf3 Be7 15. 0-0 Qc7 16. c3 Nf8 17. Bd2 Nd7 18. Rfc1 Qd6 19. b4 dxc3 20. Bxc3 cxb4 21. axb4 Nd4 22. Bxd4 exd4 23. e5 Qd5 24. e6 fxe6 25. Bxe6 Qd6 26. Qe4 Rf8 27. Rc4 Rf6 28. Ng5 Ne5 29. Rxd4 Nf3+ 30. Nxf3 Qxe6 31. Qxb7 Qc6 32. Qxc6+ Rxc6 33. Re1 Rb8 34. Rde4 Rb7 35. b5 Rcb6 36. Ne5 Re6 37. Nc6 Rxe4 38. Rxe4 Kf7 39. Ra4 Bc5 40. Nd8+ 1-0

[Event "Wch Seniors 65 26th"]
[Site "Marianske Lazne"]
[Date "2016.11.23"]
[Round "5"]
[White "Zhelnin, Vladimir V"]
[Black "Pushkov, Nikolai"]
[Result "1/2-1/2"]
[WhiteElo "2453"]
[BlackElo "2325"]
[PlyCount "26"]
[EventDate "2016.11.19"]
[EventType "swiss"]
[EventRounds "11"]
[EventCountry "CZE"]
[SourceTitle "CBM 175 Extra"]
[Source "ChessBase"]
[SourceDate "2016.12.12"]
[SourceVersion "1"]
[SourceVersionDate "2016.12.12"]
[SourceQuality "1"]

1. d4 d5 2. Nf3 Nf6 3. c4 c6 4. cxd5 cxd5 5. Nc3 Nc6 6. Bf4 Bf5 7. e3 e6 8. Bd3 Bxd3 9. Qxd3 Bd6 10. Bxd6 Qxd6 11. 0-0 0-0 12. Rfc1 Rfc8 13. h3 h6 1/2-1/2

[Event "Wch Seniors 65 26th"]
[Site "Marianske Lazne"]
[Date "2016.11.21"]
[Round "3"]
[White "Zhelnin, Vladimir V"]
[Black "Lederman, Leon S"]
[Result "1/2-1/2"]
[WhiteElo "2453"]
[BlackElo "2280"]
[PlyCount "50"]
[EventDate "2016.11.19"]
[EventType "swiss"]
[EventRounds "11"]
[EventCountry "CZE"]
[SourceTitle "CBM 175 Extra"]
[Source "ChessBase"]
[SourceDate "2016.12.12"]
[SourceVersion "1"]
[SourceVersionDate "2016.12.12"]
[SourceQuality "1"]

1. e4 c5 2. Nf3 d6 3. d4 cxd4 4. Nxd4 Nf6 5. Nc3 a6 6. Be3 e5 7. Nf3 Qc7 8. a4 h6 9. Be2 Be6 10. 0-0 Nbd7 11. Ne1 Be7 12. Bf3 0-0 13. Nd3 Qc4 14. a5 Rfb8 15. Ra4 Qc8 16. Nb4 b5 17. axb6 Nxb6 18. Bxb6 Rxb6 19. Qd2 a5 20. Nd3 Bc4 21. Rfa1 Bxd3 22. cxd3 Bd8 23. d4 Rab8 24. Nd1 Rb4 25. Rxb4 Rxb4 1/2-1/2